000 00668nam a22002057a 4500
999 _c1906
_d1906
003 AR-CdUCM
008 190228b ||||| |||| 00| 0 spa d
040 _aMUNICIPALIDAD PROVINCIAL DEL CUSCO
_cBIBLIOTECA MUNICIPAL DEL CUSCO
082 _a869.56 /
_bS36
100 _aSegura, Manuel H.
_96970
245 _aTeatro /
260 _aLima :
_bMunicipalidad de Lima Metropolitana,
_c1991.
300 _a128 páginas
_c21 cm.
505 _aLances amancaes -- El santo de Panchita -- El cacharpari
650 _aTeatro peruano
_92697
650 _aSiglo XX
_98
710 _aMunicipalidad de Lima Metropolitana
_96971
942 _2ddc
_cLIBROS
945 _araen
_d2019-02-28